Othello (Notes)

Сохранить в:
Библиографические подробности
Главный автор: Shakespeare, William
Формат:
Язык:Undetermined
Опубликовано: Nebraska, Estados Unidos Cliff´s Notes 1959
Предметы:
Метки: Добавить метку
Нет меток, Требуется 1-ая метка записи!

MARC

LEADER 00000nam a2200000Ia 4500
008 170316s9999 xx 000 0 und d
040 |a cru BVZT 
090 |a 820 S-5ot 
100 |a Shakespeare, William 
245 |a Othello (Notes) 
260 |a Nebraska, Estados Unidos 
260 |b Cliff´s Notes 
260 |c 1959 
300 |a 82 páginas 
650 |a LITERATURA INGLESA 
999 |c 7166  |d 7166 
942 |c 15 D  |h 820 S-5ot  |2 z